Faculty of Law Library — Cairo University

Official Online Catalog

Les Immunités des Agents Diplomatiques / (Record no. 76369)

MARC details
000 -LEADER
fixed length control field 00975nam a2200301 i 4500
003 - CONTROL NUMBER IDENTIFIER
control field EG-GICUC
005 - DATE AND TIME OF LATEST TRANSACTION
control field 20260509130958.0
008 - FIXED-LENGTH DATA ELEMENTS--GENERAL INFORMATION
fixed length control field 260509s1932 fr ||||f |||| 00| 0 fre d
040 ## - CATALOGING SOURCE
Language of cataloging fre
Transcribing agency EG-GICUC
Description conventions rda
Original cataloging agency EG-GICUC
Modifying agency EG-GICUC
041 0# - LANGUAGE CODE
Language code of text/sound track or separate title fre
082 ## - DEWEY DECIMAL CLASSIFICATION NUMBER
Edition number 21
Classification number 341.33
Item number HE. I
092 04 - LOCALLY ASSIGNED DEWEY CALL NUMBER (OCLC)
Edition number 21
099 ## - LOCAL FREE-TEXT CALL NUMBER (OCLC)
Classification number Law1 11 341.33 HE. I 1932
100 1# - MAIN ENTRY--PERSONAL NAME
Personal name Heddaya, Mohamed Abd El Salam
Relator term Auteur
245 14 - TITLE STATEMENT
Title Les Immunités des Agents Diplomatiques /
Statement of responsibility, etc. Mohamed Abd El Salam Heddaya.
264 #1 - PRODUCTION, PUBLICATION, DISTRIBUTION, MANUFACTURE, AND COPYRIGHT NOTICE
Place of production, publication, distribution, manufacture LYON:
Name of producer, publisher, distributor, manufacturer Bosc Frères, M. Et L. Riou،
Date of production, publication, distribution, manufacture, or copyright notice 1932.
300 ## - PHYSICAL DESCRIPTION
Extent 169 صفحة ؛
Dimensions 24 سم .
336 ## - CONTENT TYPE
Source rda content
Content type term text
337 ## - MEDIA TYPE
Source rda media
Media type term Computer
338 ## - CARRIER TYPE
Source rda carrier
Carrier type term Online Resource
546 ## - LANGUAGE NOTE
Language note Texte en français
650 1# - SUBJECT ADDED ENTRY--TOPICAL TERM
Topical term or geographic name entry element Droit international public
Source of heading or term qrmak
650 1# - SUBJECT ADDED ENTRY--TOPICAL TERM
Topical term or geographic name entry element Immunités des Agents
Source of heading or term qrmak
651 1# - SUBJECT ADDED ENTRY--GEOGRAPHIC NAME
Source of heading or term qrmak
856 40 - ELECTRONIC LOCATION AND ACCESS
Uniform Resource Identifier <a href="https://fll.law.cu.edu.eg/fulltext/bksB11-06922.pdf">https://fll.law.cu.edu.eg/fulltext/bksB11-06922.pdf</a>
905 ## - Cataloger and Reviser Names
Cataloger Name: Rawan khaled
Revisor Name: Yara
942 ## - ADDED ENTRY ELEMENTS (KOHA)
Source of classification or shelving scheme Dewey Decimal Classification
Koha item type Books
Edition 21
Suppress in OPAC No
Holdings
Withdrawn status Lost status Source of classification or shelving scheme Damaged status Not for loan Collection Home library Current library Date acquired Total checkouts Full call number Barcode Date last seen Copy number Price effective from Koha item type
    Dewey Decimal Classification   Not for loan القانون الدولي العام جــــامعة القــاهرة مكتبة كلية الحقوق - المبنى الرئيسي 09.05.2026   Law1 11 341.33 HE. I 1932 1106922 C1 B11-06922 09.05.2026 1 09.05.2026 Books

© All rights reserved — Faculty of Law, Cairo University